| 000 | 00583nam a2200217Ia 4500 | ||
|---|---|---|---|
| 008 | 170918s9999 xx 000 0 und d | ||
| 020 | _a9780545002349 | ||
| 050 | _bJ781 2007 | ||
| 100 | _aJones, Marcia Thornton | ||
| 245 | _aDragons do eat homework / | ||
| 245 | _cby Marcia Thornton Jones and Debbie Dadey ; illustrated by Joelle Dreidemy. | ||
| 260 | _aNew York : | ||
| 260 | _bScholastic, | ||
| 260 | _c2007 | ||
| 300 | _a64 pages : | ||
| 300 | _bcolored illustration ; | ||
| 300 | _c19cm. | ||
| 440 | _aThe Bailey school kids ; | ||
| 440 | _v5 | ||
| 500 | _a380 | ||
| 999 |
_c342884 _d342884 |
||